| 000 | 01357 a2200229 4500 | ||
|---|---|---|---|
| 001 | 36165 | ||
| 005 | 20260407155638.0 | ||
| 008 | 260407a1996 arg spa d | ||
| 003 | AR-UNSa-BCEJYS | ||
| 040 |
_aAR-UNSa-BCEJYS _bspa _cAR-UNSa-BCEJYS |
||
| 080 |
_a658.016.7 _xPrincipios generales. Eficiencia. Racionalización. Productividad (Reingeniería) |
||
| 245 | 1 | 0 |
_aReingeniería de la dirección _pel imperativo del nuevo liderazgo |
| 020 | _a84-7978-259-5 | ||
| 264 | 1 |
_aMadrid : _bEdiciones Diaz de Santos _c1996 |
|
| 300 |
_a273 p. _c23 cm. |
||
| 505 | _a1.¿La dirección?¿Por qué aplicar la reingeniría a la dirección - 2. La ordalía de la dirección - 3. Viviendo las preguntas - 4. En resumen, ¿para qué existe esta empresa? - 5. ¿Cómo decidimos?:casos concretos - 6.¿Qué clase de cultura deseamos? - 7. ¿Que deseamos?: casos concretos - 8.¿ Cómo vamos hacer nuestro trabajo? - 9. Pensando en los procesos de la dirección: casos concretos - 10.¿ Con que tipo de personas deseamos trabajar? - 11. ¿Cómo elegimos?: casos concretos - 12. La segunda revolución de la dirección - Indice. | ||
| 942 | _cBK | ||
| 590 | _aniveau_biblio:m niveau_hierar:0 | ||
| 100 | 1 | _aChampy, James | |
| 700 | 1 | _aSoriano Soriano, Claudio L. | |
| 856 | 4 | 1 |
_uhttps://biblioeco.unsa.edu.ar/pmb/images/libros/L69899.jpg _yImagen de portada _qimage/jpeg |
| 999 |
_c2619 _d2619 |
||